• 首页
  • 本馆介绍
  • 公告通知
  • 最新文献
  • 馆藏检索
  • 电子资源
  • 读者导购
  • 参考咨询
  • 我的图书馆
  • 登录
  • 详细信息显示
  • 放入我的书架
  • 预约/预借图书
  • 作者相关作品
  • 分类相关作品
  • 丛书相关作品
  • 出版社相关作品

书目信息

  • 表格格式
  • 工作单格式
  • 卡片格式
题名:
新自由主义和全球秩序
    
 
作者: 乔姆斯基 , Chomsky 著 ;徐海铭 , 季海宏 译
分册:  
出版信息: 南京   江苏人民出版社  2000
页数: 269页
开本: 20cm
丛书名: 汉译大众精品文库
单 册:
中图分类: F091.352 , F114.3
科图分类:
主题词: 新自由主义(经济学)--关系--新的国际经济秩序--研究 , 新自由主义(经济学) , 新的国际经济秩序
电子资源:
ISBN: 7-214-02790-9
000 01296oam2 2200349 450
001 1260432671
005 20121003164740.78
010    @a7-214-02790-9@dCNY14.00
100    @a20001029d2000 em y0chiy0110 ea
101 1  @achi@ceng
102    @aCN@b320000
105    @ay z 000yy
200 1  @a新自由主义和全球秩序@Axin zi you zhu yi he quan qiu zhi xu@f(美)诺姆·乔姆斯基(Noam Chomsky)著@g徐海铭,季海宏译
210    @a南京@c江苏人民出版社@d2000
215    @a269页@d20cm
225 2  @a汉译大众精品文库@i文化类
305    @a据Seven Stories Press 1999年版译出
330    @a本书揭示了美国的新自由主义是如何反市场经济,反自由、民主和人权的。美国的新自由主义是如何将国家与垄断企业一体化,成为一种压迫多数人、剥夺多数人利益的暴力机构等。
461  0 @12001 @a汉译大众精品文库
462  0 @12001 @a文化类
510 1  @aNeoliberalism and Global Order@zeng
606 0  @a新自由主义(经济学)@x关系@x新的国际经济秩序@x研究
606 0  @a新自由主义(经济学)
606 0  @a新的国际经济秩序
690    @aF091.352@v4
690    @aF114.3@v4
701  1 @c(美)@a乔姆斯基@Aqiao mu si ji@c(Chomsky, Noam@f1928.12~)@4著
701  1 @aChomsky@bNoam@4著
702  0 @a徐海铭@Axu hai ming@4译
702  0 @a季海宏@Aji hai hong@4译
801  0 @aCN@bNLC@c20101222
905    @a10447@dF091.352@eJY126
    
    新自由主义和全球秩序/(美)诺姆·乔姆斯基(Noam Chomsky)著/徐海铭,季海宏译.-南京:江苏人民出版社,2000
    269页;20cm.-(汉译大众精品文库.文化类)
    
    
    ISBN 7-214-02790-9:CNY14.00
    本书揭示了美国的新自由主义是如何反市场经济,反自由、民主和人权的。美国的新自由主义是如何将国家与垄断企业一体化,成为一种压迫多数人、剥夺多数人利益的暴力机构等。
●
相关链接 在E读中查询图书 在五车中查询图书 在当当中查询图书 在豆瓣中查询图书


正题名:新自由主义和全球秩序     索取号:F091.352/JY126         预约/预借

序号 登录号 条形码 馆藏地/架位号 状态 备注
1 7813368   278133681   学院路分馆/ [索取号:F091.352/JY126] 在馆    
2 7813369   278133690   学院路分馆/ [索取号:F091.352/JY126] 在馆    
唐山师范学院图书馆 欢迎您!
大连网信软件有限公司© 版权所有